000 00844nam a2200229Ia 4500
001 17888
003 GE_BSU
008 181216s||||||||xx |||||||||||||| ||und||
040 _cGE_BSU
080 _a821.353.1-22
100 _aვაკელი, იონა (იონა ლუკას ძე მეგრელიძე)
245 _aაპრაკუნე ჭიმჭიმელი
245 _bკომედია სამ მოქმედებად
245 _cსარედ.კოლ.კალაძე კ. კანდელაკი ვ. ჟღენტი ბ.
260 _aთბილისი
260 _bმერანი
260 _c1969
300 _a114 გვ. ; 16 სმ.
653 _aაპრაკუნე ჭიმჭიმელი
653 _aკომედია
942 _cBK
999 _c50933
_d50933